Statistics for Bakerloo Line London Underground (Any Order)

Click here to take the quiz!

General Stats

  • This quiz has been taken 734 times
  • The average score is 19 of 25

Answer Stats

Hint Answer % Correct
17Baker Street
95%
25Elephant & Castle
94%
23Waterloo
93%
19Oxford Circus
91%
14Paddington
86%
24Lambeth North
83%
22Embankment
83%
21Charing Cross
83%
20Piccadilly Circus
83%
18Regent's Park
82%
16Marylebone
82%
1Harrow & Wealdstone
81%
12Maida Vale
79%
15Edgware Road
77%
10Queens Park
76%
5Wembley Central
75%
2Kenton
70%
8Willesden Junction
70%
13Warwick Avenue
70%
11Kilburn Park
69%
4North Wembley
69%
6Stonebridge Park
66%
3South Kenton
66%
7Harlesden
61%
9Kensal Green
46%

Score Distribution

Percentile by Number Answered

Percent of People with Each Score

Your Score History

You have not taken this quiz